000 00871nas a2200301 4500
001 BR2013001092
003 BR-BrBNA
005 20231205121928.0
007 ta
008 230509b bl.|||p| |||| 00| 00por d
040 _aBR-BrBNA
_bpor
_cBiblioteca Nacional de Agricultura
041 _a(Pt)
072 _aH10
100 1 _aFancelli, M.
100 1 _aBorges, A.L.
100 1 _aRitzinger, C.H.S.P.
100 1 _aSilva, D. dos S.
100 1 _aRingenberg, R.
245 1 _aMetamasius hemipterus L. como praga de bananeiras cv. Terra
650 _aBANANA
650 _aPRAGA DE PLANTA
650 _aDANO
650 _aBROCA
650 _aCONTROLE INTEGRADO
773 0 _tRevista Brasileira de Fruticultura (Brazil)
_xISSN 0100 2945
_g(Sep 2012), v. 34(3) p. 944-946
_wBR2013001092
909 _a202311
_bLúcia
_c55
_dLúcia Elande
942 _2AGRIS
_n0
_cANA
999 _c225992
_d225992